| 000 | 00946nam a2200373 a 4500 | ||
|---|---|---|---|
| 003 | AR-BaBNM | ||
| 005 | 20251128202823.0 | ||
| 008 | 082120s2002 ||||||||||||||000 | spa|| | ||
| 040 | _cAR-BaBNM | ||
| 100 | 1 | _aGarasa, Delfín Leocadio | |
| 245 | 0 | 0 | _aLos géneros literarios |
| 250 | _a2ª ed. | ||
| 260 |
_aBuenos Aires _bColumbia _c1971 |
||
| 300 | _a334 p. | ||
| 490 | 0 |
_aNuevos Esquemas _vv. 8 |
|
| 500 | _aContiene índice general | ||
| 500 | _aBiografía del autor | ||
| 500 | _aLista de obras consultadas | ||
| 600 | 0 | 4 | _aAristóteles |
| 600 | 0 | 4 | _aPlatón |
| 600 | 1 | 4 | _aCroce, Benedetto |
| 600 | 1 | 4 | _aStaiger, Emil |
| 650 | 4 | _aHISTORIA LITERARIA | |
| 650 | 4 | _aFILOSOFIA LITERARIA | |
| 650 | 4 | _aRECURSOS ESTILISTICOS | |
| 650 | 4 | _aPOESIA | |
| 650 | 4 | _aTEATRO | |
| 650 | 4 | _aINVESTIGACION LITERARIA | |
| 650 | 4 | _aEDAD MEDIA | |
| 650 | 4 | _aROMANTICISMO | |
| 655 | _aLITERATURA | ||
| 942 | _cBK | ||
| 998 | _cisola | ||
| 999 |
_c736 _d736 |
||